images (140×140)   Dow University of Health Sciences Library Catalogue

Welcome to Dow University of Health Sciences Library Online Public Access Catalog

Oxidative stress and age-related neurodegeneration / (Record no. 26668)

MARC details
000 -LEADER
fixed length control field 00738nam a2200229Ia 4500
008 - FIXED-LENGTH DATA ELEMENTS--GENERAL INFORMATION
fixed length control field 250806s9999||||xx |||||||||||||| ||und||
020 ## - INTERNATIONAL STANDARD BOOK NUMBER
International Standard Book Number 9780849337253;0849337259
060 ## - NATIONAL LIBRARY OF MEDICINE CALL NUMBER
Classification number WT 155
Item number .O95 2006
245 #0 - TITLE STATEMENT
Title Oxidative stress and age-related neurodegeneration /
Statement of responsibility, etc. edited by Yuan Luo, Lester Packer.
260 ## - PUBLICATION, DISTRIBUTION, ETC.
Place of publication, distribution, etc. Boca Raton :
Name of publisher, distributor, etc. Taylor & Francis,
Date of publication, distribution, etc. 2006
300 ## - PHYSICAL DESCRIPTION
Extent 499 p. :
Other physical details ill.
Dimensions 23.5 cm.
490 ## - SERIES STATEMENT
Series statement Oxidative stress and disease
504 ## - BIBLIOGRAPHY, ETC. NOTE
Bibliography, etc. note Includes bibliographical references and index.
650 ## - SUBJECT ADDED ENTRY--TOPICAL TERM
Topical term or geographic name entry element Aging
650 ## - SUBJECT ADDED ENTRY--TOPICAL TERM
Topical term or geographic name entry element Alzheimer Disease
650 ## - SUBJECT ADDED ENTRY--TOPICAL TERM
Topical term or geographic name entry element Antioxidants
650 ## - SUBJECT ADDED ENTRY--TOPICAL TERM
Topical term or geographic name entry element Neurodegenerative Diseases
650 ## - SUBJECT ADDED ENTRY--TOPICAL TERM
Topical term or geographic name entry element Oxidative Stress
700 ## - ADDED ENTRY--PERSONAL NAME
Personal name Luo, Yuan.
700 ## - ADDED ENTRY--PERSONAL NAME
Personal name Packer, Lester.
942 ## - ADDED ENTRY ELEMENTS (KOHA)
-- DIMC
Koha item type Books
Holdings
Date last seen Total checkouts Full call number Barcode Price effective from Koha item type Lost status Damaged status Not for loan Withdrawn status Home library Current library Date acquired
08/06/2025   WT 155 .O95 2006 00000862 08/06/2025 Books         Dow International Medical College Dow International Medical College 08/06/2025



©2026, All rights reserved. Dow University of Health Sciences, Karachi, Pakistan.